Indian Homosexuality : (Record no. 42282)

MARC details
000 -LEADER
fixed length control field 00722nam a22001937a 4500
005 - DATE AND TIME OF LATEST TRANSACTION
control field 2010081704344.0
010 ## - LCCN (DPL NO)
LC control number ENG-100599
020 ## - INTERNATIONAL STANDARD BOOK NUMBER
International Standard Book Number 9788184245592
Terms of availability 250.00
035 ## - SYSTEM CONTROL NUMBER
System control number EN-84132
037 ## - SOURCE OF ACQUISITION
Source of stock number/acquisition DBAD/PUB
082 ## - DEWEY DECIMAL CLASSIFICATION NUMBER
Classification number 306.7660954
100 ## - MAIN ENTRY--PERSONAL NAME
Personal name Merchant,Hoshang
245 ## - TITLE STATEMENT
Title Indian Homosexuality :
Remainder of title ancient India to contemporary India /
Statement of responsibility, etc by Hoshang Merchant
260 ## - PUBLICATION, DISTRIBUTION, ETC. (IMPRINT)
Place of publication, distribution, etc New Delhi
Name of publisher, distributor, etc Allied Publishers
Date of publication, distribution, etc 2010
270 ## - ADDRESS
Address 1/13-14 Asaf Ali Road
City New Delhi
Postal code 110002
300 ## - PHYSICAL DESCRIPTION
Extent x,161p
Dimensions 21cm(pbk)
942 ## - ADDED ENTRY ELEMENTS (KOHA)
Source of classification or shelving scheme Dewey Decimal Classification
Item type English Books
Classification part 306.7660954
Call number suffix MER
Holdings
Withdrawn status Lost status Not for loan Collection code Home library Current library Date acquired Source of acquisition Cost, normal purchase price Full call number Barcode Copy number Cost, replacement price Koha item type
    Not For Loan Non-fiction D.B.Act.Division D.B.Act.Division 17/08/2010 DBAD/PUB 250.00 306.7660954 MER EN-84132 1 250.00 English Books

© Delhi Public Library
Hit Counter
free hit counter